Nygda bŷ jem sobi nepodumav, že budu ...

Bibliographic Details
Main Author: Medviď, Peter, 1981- (Author)
Format: Article
Language:Ukrainian
ISSN:2454-0013
Subjects:

MARC

LEADER 00000nab a2200000 4500
001 vtls012086306
003 SK-MaSNL
005 20260318123954.0
008 220204c2020 xo er|n || ||00 c0ukr
015 |a SNBRB2022/02 
038 |a SVKPOCL 
040 |a SVKPOCL  |b slo  |c SVKPOCL  |e rda 
041 0 |a ukr 
043 |a e-xo--- 
044 |a xo  |c SK 
072 7 |a 316.7  |x Sociológia kultúry. Kultúrny život  |2 konspekt 
080 |a 008:616-036.21  |2 2011 
080 |a 316.022.4(=161.25)(=161.2):061.2  |2 2011 
080 |a 316.7:616-036.21  |2 2011 
080 |a 316.7:578.834  |2 2011 
080 |a (437.6)  |2 2011 
100 1 |a Medviď, Peter,  |d 1981-  |4 aut  |9 268505 
245 1 0 |a Nygda bŷ jem sobi nepodumav, že budu ...  |c Petro Medvid' 
246 3 3 |a Nygda bў jem sobi nepodumav, že budu ... 
336 |a text  |b txt  |2 rdacontent 
337 |a bez média  |b n  |2 rdamedia 
338 |a zväzok  |b nc  |2 rdacarrier 
500 |a V rubrike Aktualno Stovpčik 
648 7 |a 2020  |2 svkpocl  |9 340435 
650 0 7 |a komentár (publikačný typ)  |2 svkpocl  |9 866536 
650 0 7 |a pandemické opatrenia  |2 svkpocl  |9 723259 
650 0 7 |a pandémie  |2 SNKPH  |9 59320 
650 0 7 |a koronavírusy  |2 SNKPH  |9 84342 
650 0 7 |a kultúra  |2 SNKPH  |9 886 
650 0 7 |a národnostné menšiny  |2 SNKPH  |9 2669 
651 7 |a Slovensko  |2 SNKPHgeo  |9 14231 
773 0 |t NN info Rusyn  |g Roč. XVII (29), č. 5 (2020), s. 3  |x 2454-0013 
852 |a SVKPO  |b KIS3GCP 
958 |a RN 
958 |a SK 
958 |a NM 
999 |c 2717321  |d 2719251